Rangsorfeljegyzés és kényszeregyesség

Elmentve itt :
Bibliográfiai részletek
Szerző: Nyulászi Alajos
Dokumentumtípus: Cikk
Megjelent: 1937
Sorozat:Polgári jog : a hazai és külföldi magánjog és hiteljog szemléje 13
Kulcsszavak:Eljárási jog - magyar, Jelzálogjog - rangsor
Online Access:http://misc.bibl.u-szeged.hu/6321
LEADER 00645nab a2200169 i 4500
001 misc6321
005 20191106142126.0
008 170607s1937 hu o 0|| hun d
040 |a SZTE Miscellanea Repozitórium  |b hun 
041 |a hun 
100 1 |a Nyulászi Alajos 
245 1 0 |a Rangsorfeljegyzés és kényszeregyesség  |h [elektronikus dokumentum] /  |c  Nyulászi Alajos 
260 |c 1937 
300 |a 167-170a 
490 0 |a Polgári jog : a hazai és külföldi magánjog és hiteljog szemléje  |v 13 
695 |a Eljárási jog - magyar, Jelzálogjog - rangsor 
856 4 0 |u http://misc.bibl.u-szeged.hu/6321/1/polgari_jog_1937_167-170a.pdf  |z Dokumentum-elérés